عرض عادي عرض مارك
  • عبد المقصود، حاتم محمد

مدخل إسم شخص

عدد التسجيلات المستخدمة في: 1

001 - رقم الضبط

  • حقل الضبط: 54946

003 - معرف رقم الضبط

  • حقل الضبط: OSt

005 - تاريخ ووقت أخر عملية

  • حقل الضبط: 20160508113604.0

008 - عناصر بيانات ثابتة الطول

  • حقل تحكم ثابت الطول: 160508|| aca||aabn | a|a d

040 ## - مصدر الفهرسة

  • هيئة الفهرسة الأصلية: OSt
  • وكالة الكتابة: OSt

100 ## - مدخل -- أسم شخص

  • إسم شخص: عبد المقصود، حاتم محمد

670 ## - بيانات المصدر موجوده

  • الاستشهاد بالمصدر: Work cat.: (OSt): عبد المقصود، حاتم محمد, آليات تفعيل الخطاب الديني الإسلامي /, 2016